| 000 | 00930nam a2200265 i 4500 | ||
|---|---|---|---|
| 003 | DO-SdBNP | ||
| 005 | 20240823093108.0 | ||
| 007 | ta | ||
| 008 | 240823b2024 dr c|||| |||| 00| 0 spa d | ||
| 020 | _a9789945935769 | ||
| 040 |
_aDO-SdBNP _bspa _cBNPHU _erda |
||
| 082 | 4 | _222 | |
| 245 | 0 | 0 |
_aJosé Decamps : _bsu legado / _ccompilador, Luis Grullón Estrella ; corrección y edición, Piero Espinal Estévez ; prólogo, Rafael Fernández Lazala |
| 264 |
_aSanto Domingo : _bOpus, _c2024. |
||
| 300 |
_a165 páginas : _bretratos ; _c23 cm. |
||
| 336 |
_2rdamedia _atexto _btxt |
||
| 337 |
_2rdamedia _asin mediación _bn |
||
| 338 |
_2rdacarrier _avolumen _bnc |
||
| 590 | _aInventariado, 2024/BT | ||
| 700 | 1 |
_aGrullón Estrella, Luis, _ecompilador _986383 |
|
| 700 | 1 |
_aEspinal Estévez, Piero, _ecorrección y edición _93550 |
|
| 700 | 1 |
_aFernández Lazala, Rafael, _eprólogo _913989 |
|
| 910 | _aBtavárez | ||
| 942 |
_2ddc _cLBS1 |
||
| 999 |
_c57536 _d57536 |
||